00956nam a2200229Ia 4500001002500000003000900025008004100034040002300075041001300098100002100111240011900132245011600251250001500367260003000382300002000412490004600432500003700478501012400515520004400639700001200683700003100695226.06-BRO ra mo (13468)IT-MiSPE171229s9999||||xx |||||||||||||| ||und|| aIT-MiSPEcIT-MiSPE aITALIANO aRaymond Deville  aThe Death of the Messiah: From Gethsemane to the Grave: A commentary of the Passion Narratives in the Four Gospels 0aLa morte del MessiabDal Getsemani al sepolcro: Un commentario ai "Racconti della Passione" nei quattro vangeli a1a ed. (v) aBresciabQuerinianac1999 a1815 p. c23 cm aBiblioteca di teologia contemporaneav108 aGesù Cristo - Mistero pasquale aEdizioni San Paolo srl - Piazza Soncino, 5 - 20092 CINISELLO BALSAMO (MI) (non commercial uses only) ® Copyright 2018 aAltri autori: Gianluigi Corti (ed. it.) aA. Nepi aS. Venturinig(traduzione)